Logos antiguos de clubes de fútbol - Estadísticas

Estadísticas generales
  • Esta prueba ha sido intentada 29 veces
  • La puntuación promedio es 9 de 16
Estadísticas de respuestas
Imagen Respuesta % Correcto
Liverpool
93%
AC Milan
89%
FC Barcelona
89%
Real Madrid
89%
Atlético de Madrid
74%
Juventus
70%
Manchester United
70%
Bayern Múnich
59%
Arsenal
44%
Chelsea
44%
Paris Saint-Germain
44%
SL Benfica
37%
Borussia Dortmund
33%
PSV
30%
Oporto
26%
Celtic
15%
No se encontraron pruebas coincidentes
Distribución de puntuación
Porcentaje de gente con cada puntuación
Porcentaje por número respondido
Historial de tus puntuaciones
No has intentado esta prueba.